[Event "SCC Championship"]
[Site "?"]
[Date "1991.01.25"]
[Round "1"]
[White "Gydov, T."]
[Black "Bailey, B."]
[Result "1-0"]
[WhiteElo "1466"]
[BlackElo "1724"]
[Annotator "Stockfish 12 (15s)"]
[PlyCount "103"]

{B32: Sicilian: Löwenthal and Kalashnikov Variations} 1. e4 c5 2. Nf3 Nc6 3. d4
cxd4 4. Nxd4 e5 5. Nb3 Nf6 6. Bg5 h6 7. Bxf6 Qxf6 8. Bc4 d6 (8... Qg6 9. Qf3 (
9. O-O Qxe4 10. N1d2 Qg6 11. f4 d6 12. fxe5 Nxe5 13. Bb5+ Bd7 14. Bxd7+ Nxd7
15. Qe2+ Be7 16. Rae1 Ne5 17. Qb5+ Kf8 18. Qxb7 Re8 19. Nd4 Kg8 20. Nf5 Qe6 21.
Nb3 Bf6 22. Nbd4 Qxa2 23. Nxd6 Re7 {
Flindt,T (2175)-Nielsen,H (1994) Esbjerg 2006 1/2-1/2}) 9... Bb4+ 10. c3 Be7
11. N1d2 d6 12. Qg3 Qh7 13. O-O O-O 14. Rad1 Kh8 15. f4 f5 16. Bd3 exf4 17.
Qxf4 Ne5 18. Nc4 g5 19. Qe3 f4 20. Qd4 Bg4 21. Rd2 Bf6 22. Qd5 Nxc4 23. Bxc4 {
Hauer,N (2087)-Mietzner,T (2159) Germany 2003 0-1 (46)}) 9. Nc3 Be6 $146 (9...
Qg6 10. O-O Be7 11. f4 exf4 12. Nd5 O-O 13. Nxe7+ Nxe7 14. Rxf4 Bd7 15. Nd4
Rac8 16. Bb3 Nc6 17. Nb5 Qg5 18. Qf1 Be6 19. Kh1 Rcd8 20. Rd1 d5 21. Nc7 Ne7
22. c4 d4 23. Nd5 Nc6 24. Rd3 {Stefanov,E-Travnicek,P (2245) Brno 1999 0-1 (32)
}) (9... Be7 $14) 10. Bd5 (10. Nd5 $5 Qd8 11. Ne3 $16) 10... Be7 $11 11. Qf3 (
11. O-O $142 $5 $11) 11... Qxf3 $17 12. gxf3 Nb4 13. O-O-O Bg5+ (13... Nxd5 $5
14. Nxd5 Rc8 $17) 14. Kb1 $15 Bxd5 (14... Nxd5 15. Nxd5 Rc8 16. Na5 $15) 15.
Nxd5 Nxd5 16. Rxd5 Ke7 $4 (16... O-O-O 17. Na5 $11) 17. Rhd1 $4 (17. Na5 $142
b6 18. Nb7 $18) 17... Rad8 18. Na5 Rd7 19. Nc4 {
Attacking the backward pawn on d6} Rhd8 20. a4 Ke6 21. b4 Be7 (21... Bh4 22.
R1d2 $11) 22. Kb2 f5 $2 (22... Bh4 $11) 23. Rg1 $4 (23. exf5+ $142 Kxf5 24. f4
$16) 23... fxe4 (23... g5 24. h4 $15) 24. fxe4 $11 g5 25. h4 (25. Rg3 h5 26. f3
Rf8 $11) 25... Rf8 26. hxg5 hxg5 27. Rf1 $2 (27. Rd2 d5 28. exd5+ Rxd5 $11)
27... Rf4 (27... g4 $142 $5 28. Nd2 Bg5 $19) 28. f3 $15 g4 29. Nd2 g3 (29...
gxf3 $142 $5 30. Rxf3 Rxe4 31. Rxd6+ Bxd6 32. Nxe4 Bxb4 33. Ng5+ Kd5 $11) 30.
Rg1 $11 Bh4 31. c4 Rg7 32. Rg2 Bf6 33. Rd3 Rh4 34. Nf1 Rh1 (34... Rh3 $142 $11)
35. Rd1 $4 (35. Nxg3 Be7 36. Rdd2 $16 (36. Nxh1 $6 Rxg2+ 37. Kb3 Bh4 $11))
35... Rh3 (35... Bh4 $142 $5 $17) 36. Ne3 $11 Rh2 37. Rxh2 $4 (37. Rc2 $142 Rc7
38. Kb3 $11) 37... gxh2 $19 38. Ng4 (38. Rh1 Bg5 39. Ng4 $19) 38... Rxg4 (38...
Bh4 $142 $19) 39. fxg4 $18 Bg5 (39... Bh4 40. Rf1 Bf2 $18) 40. Kc2 Be3 41. Rh1
Bg1 (41... Bf4 42. Kd3 $18) 42. Kd2 Kf6 43. Ke2 Kg5 44. Kf3 Kh4 (44... b6 45.
Kg3 Be3 46. Rf1 $18) 45. a5 Kg5 46. Kg3 Kg6 (46... Be3 47. Kxh2 a6 48. Kg3 $18)
47. Kh4 (47. Rxh2 $142 Kg7 48. Rc2 b6 $18) 47... Kf6 (47... Bf2+ 48. Kh3 Be3
49. Rxh2 Kg5 $18) 48. Kh5 Kg7 49. g5 a6 50. g6 Kg8 51. Kg5 Kf8 52. Kf6 (52. Kf6
Ke8 53. g7 Kd7 54. g8=Q Kc7 55. Ke6 d5 56. exd5 b6 57. Qa8 bxa5 58. d6+ Kb6 59.
Qb8+ Kc6 60. Qc7#) 1-0

[Event "SCC Championship"]
[Site "?"]
[Date "1991.02.01"]
[Round "2"]
[White "Bailey, B."]
[Black "Orum, C."]
[Result "1/2-1/2"]
[WhiteElo "1724"]
[BlackElo "1962"]
[Annotator "Stockfish 12 (15s)"]
[PlyCount "87"]

{A82: Dutch Defence: Staunton Gambit} 1. e4 d6 2. d4 f5 3. Nc3 Nf6 4. e5 dxe5
5. dxe5 Qxd1+ 6. Nxd1 Ng4 (6... Nd5 7. Ne3 c6 8. Bc4 e6 9. Ne2 Bc5 10. Nxd5
cxd5 11. Bb5+ Nc6 12. f4 Bd7 13. Bxc6 bxc6 14. c3 Bb6 15. Nd4 c5 16. Nc2 Kf7
17. Be3 Bb5 18. Kd2 d4 19. cxd4 cxd4 20. Bxd4 Rhd8 21. Ke3 {
Selg,R (2018)-Buecker,S (2349) Bad Wiessee 2005 0-1}) 7. f4 $146 (7. Bf4 Nc6 8.
Nf3 Be6 9. h3 Nh6 10. Bxh6 gxh6 11. Ne3 O-O-O 12. Bd3 f4 13. Bf5 Bxf5 14. Nxf5
Rd5 15. Rd1 Rxd1+ 16. Kxd1 e6 17. N5d4 Bc5 18. c3 Rd8 19. Kc2 Bxd4 20. cxd4
Nxd4+ 21. Nxd4 Rxd4 {Wyatt,Z (1595)-Latino,C (1875) Saltwater 2004 0-1 (53)})
7... Nc6 8. c3 (8. Nf3 e6 $16) 8... Bd7 (8... g5 9. h3 Nh6 10. g3 $16) 9. h3 (
9. Nf3 $142 $18) 9... Ngxe5 $4 (9... Nh6 $142 $16) 10. fxe5 $18 Nxe5 11. Nf3 (
11. Bf4 $5 Nc6 12. Bxc7 e5 $18) 11... Nxf3+ 12. gxf3 e5 13. Bg5 (13. Nf2 $5 Bc6
14. Be2 O-O-O $18) 13... h6 14. Bh4 g5 (14... f4 15. Bd3 g5 16. Bg6+ Ke7 17.
Bf2 $18) 15. Bf2 O-O-O 16. Ne3 Bc5 (16... f4 17. Nc4 $18) 17. Nc4 Bxf2+ 18.
Kxf2 Rhe8 {Black prepares the advance e4} 19. Be2 (19. Re1 $5 e4 $18) 19... e4
20. Rad1 f4 $2 (20... Re7 $18) 21. fxe4 Rxe4 22. Rd4 (22. b3 $142 Rh8 $18)
22... Rxd4 23. cxd4 Be6 24. Rd1 (24. Bg4 $142 Bxg4 25. hxg4 Rxd4 26. Ne5 $18)
24... c5 $4 (24... Bxh3 $142 25. Ne5 Be6 $11) 25. Bg4 $18 Bxg4 26. hxg4 cxd4
27. Ne5 (27. Kf3 d3 28. Rd2 Rh8 $18) 27... Kc7 (27... Rd5 28. Rc1+ Kd8 29. Nd3
$18) 28. Nf3 (28. Kf3 $142 Rh8 $18) 28... d3 29. Ne5 d2 (29... Rd5 30. Nxd3 Rd4
$18) 30. Nf3 h5 31. Rxd2 (31. gxh5 $142 Rh8 32. Nxg5 Rxh5 33. Ne6+ Kc6 34. Nxf4
$18) 31... Rxd2+ $11 32. Nxd2 hxg4 33. Ne4 g3+ 34. Kg2 Kc6 35. Nxg5 Kd5 36. Kf3
Kd4 37. Ne6+ Kd3 38. Nxf4+ (38. Kxf4 g2 39. Nc5+ Kc4 $19) 38... Kc2 39. b4 g2
40. Nxg2 Kb2 41. Ne3 Kxa2 42. Ke4 Kb3 43. Nd5 a5 44. bxa5 1/2-1/2

[Event "SCC Championship"]
[Site "?"]
[Date "1991.03.22"]
[Round "3"]
[White "Sanden, H."]
[Black "Bailey, B."]
[Result "0-1"]
[WhiteElo "1707"]
[BlackElo "1751"]
[Annotator "Stockfish 12 (20s)"]
[PlyCount "72"]

{C95: Closed Ruy Lopez: Breyer Variation with 10 d4} 1. e4 e5 2. Nf3 Nc6 3. Bb5
a6 4. Ba4 Nf6 5. O-O Be7 6. Re1 b5 7. Bb3 d6 8. c3 O-O 9. h3 Nb8 10. d4 Nbd7
11. c4 c5 12. dxe5 dxe5 (12... Nxe5 13. Nc3 (13. Nxe5 dxe5 14. Bg5 b4 15. Nd2
Nd7 16. Be3 Bb7 17. Qc2 Qc7 18. a3 a5 19. Ba4 Nb6 20. Bb5 Rfd8 21. axb4 axb4
22. Nb3 Rxa1 23. Rxa1 Ra8 24. Rxa8+ Bxa8 25. f3 Bc6 26. Na5 Bd7 27. Qd2 Be6 {
Panjwani,R (2179)-Pena,A (2242) Heraklio 2004 0-1 (60)}) 13... b4 14. Nxe5 dxe5
15. Qxd8 Rxd8 16. Nd5 Nxd5 17. cxd5 a5 18. Be3 a4 19. Bc4 Ba6 20. Bxa6 Rxa6 21.
Rec1 Rc8 22. Rc4 a3 23. b3 Ra5 24. Rac1 Rb5 25. f4 f6 26. fxe5 fxe5 27. Rf1 {
Georgiev,K (2465)-Short,P Dubai 1986 1/2-1/2 (49)}) 13. Nc3 Bb7 14. cxb5 axb5
15. Bd5 $146 (15. Nxb5 Nxe4 16. Qd3 Ra5 17. Na3 Nd6 18. Ng5 Bxg5 19. Qxd6 Ra6
20. Qd1 Bxc1 21. Rxc1 Qg5 22. Qg4 Qe7 23. Rcd1 Nb8 24. Bd5 Kh8 25. Nc4 f5 26.
Qe2 e4 27. Bxb7 Qxb7 28. Qe3 Qb4 29. Nd6 Qxb2 {
Penrose,J-Littlewood,N Bath 1963 1-0 (36)}) (15. Nxb5 $142 Nxe4 16. a4 $16)
15... Nxd5 $15 16. exd5 $2 (16. Nxd5 $5 Re8 17. Be3 $11) 16... b4 $17 17. Ne4 (
17. d6 Bxd6 18. Qxd6 Ra6 $17) 17... Re8 (17... f5 $5 18. d6 Bxe4 (18... fxe4 $6
19. Qb3+ Kh8 20. dxe7 Qxe7 21. Bg5 $17) 19. dxe7 Qxe7 20. Qb3+ Kh8 $19) 18. d6
(18. Bg5 f6 19. Be3 Bf8 $17) 18... Bf6 (18... Bf8 $5 19. Bg5 Qb6 $17) 19. Qc2 {
Attacking the backward pawn on c5} Qb6 20. Nxf6+ (20. Be3 Bxe4 21. Qxe4 Qxd6
$15) 20... Nxf6 $15 21. Nxe5 (21. Be3 $5 Qxd6 22. Qxc5 $15) 21... Qxd6 $17 22.
Bf4 (22. f4 Rac8 23. b3 Nd5 $17) 22... Qd5 23. Nf3 h6 24. b3 Ne4 25. Rad1 (25.
Re3 Qf5 26. Bh2 Red8 $17) 25... Qf5 26. Be3 $2 (26. Bc7 Qh5 27. Kh2 Re6 $19)
26... Qh5 (26... Qf6 $5 27. Ra1 Nc3 28. Nh2 $19) 27. Rd7 Bc8 28. Rc7 (28. Rd3
Nc3 29. Bxc5 Rxe1+ 30. Nxe1 $19) 28... Bxh3 $1 29. Bxc5 (29. gxh3 Ng5 {
Decoy Double attack} (29... Qxf3 {Overloading Deflection})) 29... Qg4 (29...
Ng5 30. Ne5 Bxg2 $19) 30. Nh4 Qxh4 31. gxh3 (31. Re7 f5 32. R7xe4 fxe4 33. gxh3
Kh8 $19) 31... Nxc5 (31... Qg5+ $142 32. Kh1 Ng3+ 33. fxg3 Rxe1+ 34. Bg1 Rxg1+
35. Kxg1 Qxg3+ 36. Qg2 Qxg2+ 37. Kxg2 Rxa2+ 38. Kg1 $19) 32. Rxe8+ Rxe8 33.
Qxc5 (33. Qf5 Ne6 34. Qxf7+ Kh7 35. Qf5+ Kh8 $19) 33... Qxh3 (33... Re1+ 34.
Kh2 Qf4+ 35. Kg2 Qe4+ 36. f3 Qg6+ 37. Kh2 Re2+ 38. Qf2 Rxf2+ 39. Kh1 Qg2#) 34.
Qxb4 (34. Re7 Qg4+ 35. Kf1 $19) 34... Re6 35. Rc8+ (35. Qb8+ Kh7 36. Rc1 Rg6+
37. Qg3 Rxg3+ 38. fxg3 Qxg3+ 39. Kf1 Qf4+ 40. Ke2 Qxc1 41. a4 g5 42. a5 g4 43.
a6 Qc2+ 44. Ke3 g3 45. b4 g2 46. Kd4 g1=Q+ 47. Ke5 Qg5+ 48. Kd4 Qf6+ 49. Kd5
Qcc6#) 35... Kh7 36. Rc6 (36. Qc3 Rg6+ 37. Qg3 Rxg3+ 38. fxg3 Qxg3+ 39. Kf1
Qh3+ 40. Ke1 Qxc8 41. Kd2 h5 42. a4 h4 43. a5 h3 44. a6 h2 45. a7 h1=Q 46. a8=Q
Qcc1+ 47. Kd3 Qxa8 48. b4 Qf3+ 49. Kd4 Qcc3#) 36... Rxc6 (36... Rxc6 37. Qf4 f5
38. a3 Rg6+ 39. Qg3 f4 40. Qxg6+ Kxg6 41. f3 Qxf3 42. a4 Qe2 43. b4 f3 44. a5
Qg2#) 0-1

[Event "SCC Swiss"]
[Site "?"]
[Date "1991.04.05"]
[Round "1"]
[White "Bailey, B."]
[Black "Augusztiny, P."]
[Result "1-0"]
[WhiteElo "1751"]
[BlackElo "1530"]
[Annotator "Stockfish 14 (15s)"]
[PlyCount "57"]

{B95: Sicilian Najdorf: 6 Bg5 e6, unusual White 7th moves} 1. e4 c5 2. Nf3 d6
3. d4 cxd4 4. Nxd4 Nf6 5. Nc3 a6 6. Bg5 e6 7. Bc4 Be7 8. Qd2 b5 9. Bd3 b4 $146
(9... Bb7 10. a3 (10. f3 Nc6 (10... Nbd7 11. O-O Qc7 12. a3 Ne5 13. Be3 O-O 14.
Nce2 Rfd8 15. Nb3 Rac8 16. Nc3 d5 17. Qf2 Ned7 18. exd5 Bxd5 19. Rac1 Bc4 20.
Bxc4 Qxc4 21. Nd2 Qc6 22. Nce4 Nd5 23. Bg5 f6 24. Bh4 Ne5 25. Qe2 {
Valle Abraldes,J-Yndurain Arrue,J Oviedo 2003 1/2-1/2 (31)}) 11. Nxc6 Bxc6 12.
a3 O-O 13. O-O-O Qb8 14. Ne2 a5 15. Nd4 Bd7 16. e5 dxe5 17. Bxf6 Bxf6 18. Nb3
Ra7 19. Nc5 Bc6 20. Be4 Be8 21. b4 Be7 22. Nb3 axb4 23. axb4 f5 24. Bd3 e4 {
Dekan,H (2227)-Hoffmann,M (2438) Bad Wiessee 2002 0-1}) (10. Bxf6 Bxf6 11. Nf3
Nd7 12. a3 Rc8 13. Nd1 Nc5 14. Qe2 Qc7 15. c3 O-O 16. O-O Rfd8 17. Re1 Nxd3 18.
Qxd3 Qc4 19. Qxc4 Rxc4 20. Nd2 Rdc8 21. f4 d5 22. e5 Be7 23. Nf3 Bc5+ 24. Kh1
d4 {Nabuurs,J-Sprangers,R Hengelo 1999 0-1 (41)}) 10... Nbd7 11. O-O (11. b4
Rc8 12. O-O O-O 13. Rfe1 Ne5 14. Rac1 Nc4 15. Bxc4 Rxc4 16. Qd3 Qa8 17. Re3
Rxc3 18. Qxc3 Nxe4 19. Rxe4 Bxg5 20. Rg4 Bf6 21. Qe3 Rc8 22. c3 Rc4 23. Rg3 Qc8
24. Ne2 Bh4 25. Rh3 Rg4 {
Zurutuza Sunsundegi,I (1870)-Garrido Legarreta,J (2145) Euskadi 2000 0-1 (34)})
11... Nc5 12. Qe1 Nxd3 13. cxd3 O-O 14. Nf3 h6 15. Bd2 Nd7 16. Rc1 Nc5 17. Qe2
Nb3 18. Rc2 Qd7 19. d4 f5 20. d5 e5 21. Rd1 Rac8 22. Be1 Rc4 23. Qe3 fxe4 24.
Nxe4 {Toth,P-De Souza Mendes,J Fortaleza 1960 0-1 (31)}) (9... Bb7 $142 $5 $17)
10. Nce2 $11 a5 11. O-O O-O 12. c3 bxc3 13. Qxc3 (13. Nxc3 Bb7 $11) 13... Bb7 (
13... Bd7 $15) 14. f3 $2 (14. Qb3 $142 Ba6 15. Rfd1 $11) 14... Nfd7 $4 (14...
Nbd7 $142 $17) 15. Bxe7 $16 Qxe7 16. Qc7 Bc8 (16... Ba6 17. Qxa5 Ne5 18. Bxa6
Rxa6 $16) 17. Nb5 (17. Bb5 a4 18. b4 Na6 $18) 17... Na6 (17... d5 $142 $5 18.
exd5 exd5 $16) 18. Qxd6 $16 Qf6 (18... Qxd6 $142 19. Nxd6 Nb4 $18) 19. Qd4 $4 (
19. Nec3 Nac5 20. Be2 a4 $18) 19... e5 $2 (19... Ne5 $142 $5 20. Bb1 Rd8 $14)
20. Qf2 (20. Qe3 Nb4 21. Nec3 Ba6 $18) 20... Ndc5 $16 21. Bc4 (21. Rfd1 $142
Be6 22. Nec3 Nxd3 23. Rxd3 $16) 21... Rb8 $4 (21... Be6 $142 22. Bxe6 Qxe6 $16)
22. Nec3 $18 Bd7 (22... Be6 23. Nd5 Bxd5 24. exd5 $18) 23. Rfd1 (23. Nd5 $142
Qg5 24. Nd6 $18) 23... Rb6 (23... Be6 24. Nd5 Bxd5 25. exd5 e4 $18) 24. Nd5 Qd8
25. Nxb6 Qxb6 26. Nc3 Qc7 (26... Qb7 27. b3 $18) 27. Bxa6 Nxa6 28. Rac1 (28.
Nd5 Qb7 $18) 28... Qb7 (28... Nb4 29. Qd2 Be6 30. Nd5 $18) 29. Nd5 1-0

[Event "SCC Swiss"]
[Site "?"]
[Date "1991.04.19"]
[Round "2"]
[White "Sanden, H."]
[Black "Bailey, B."]
[Result "0-1"]
[WhiteElo "1759"]
[BlackElo "1751"]
[Annotator "Stockfish 14 (15s)"]
[PlyCount "102"]

{C94: Closed Ruy Lopez: Breyer Variation with 10 d3} 1. e4 e5 2. Nf3 Nc6 3. Bb5
a6 4. Ba4 Nf6 5. O-O Be7 6. Re1 b5 7. Bb3 O-O 8. c3 d6 9. h3 Nb8 10. c4 $146 (
10. a4 Bb7 11. d3 Nbd7 12. Bc2 (12. axb5 axb5 13. Rxa8 Bxa8 (13... Qxa8 14.
Nbd2 Nc5 15. Bc2 Re8 16. Nf1 Bf8 17. Bg5 Nfd7 18. b4 Ne6 19. Bc1 c5 20. d4 cxd4
21. cxd4 exd4 22. Nxd4 Nxd4 23. Qxd4 Rc8 24. Ne3 Ne5 25. f3 Nc4 26. Bb3 d5 27.
Nxd5 Bxd5 28. Qxd5 {Haygarth,M-Chalkhasuren,G Leipzig 1960 1/2-1/2 (35)}) 14.
Na3 Bc6 (14... Qb8 15. Nc2 Nc5 16. Ba2 Bc6 17. Ne3 Bd7 18. Nf5 Bxf5 19. exf5
Qa8 20. Bb1 Re8 21. d4 exd4 22. Nxd4 Qb7 23. g4 Bf8 24. Rxe8 Nxe8 25. Qe2 Qa8
26. Nxb5 d5 27. Bf4 c6 28. Nd4 Nf6 29. g5 {
Matulovic,M-Barcza,G Zagreb 1973 1-0 (33)}) 15. Nc2 Nc5 16. Nb4 Bb7 17. Ba2 Qd7
18. Be3 Na4 19. Qc2 c5 20. Nd5 Nxd5 21. Bxd5 Bxd5 22. exd5 Nb6 23. c4 b4 24.
Ra1 Ra8 25. Rxa8+ Nxa8 26. Qb3 Nb6 {
Kholmov,R (2550)-Filip,M (2510) Sochi 1973 1-0 (53)}) (12. Nbd2 Nc5 13. Bc2
Nfd7 14. d4 Nxa4 15. Bxa4 bxa4 16. Rxa4 Bf6 17. Nc4 Nb6 18. Nxb6 cxb6 19. d5
Bc8 20. Qd3 Be7 21. g4 h5 22. Nh2 Bg5 23. Ra1 hxg4 24. hxg4 g6 25. Qg3 Bxc1 26.
Raxc1 Qg5 {Verstraeten,R-Ree,H Groningen 1964 0-1 (67)}) 12... c5 13. Nbd2 Re8
14. Nf1 Bf8 15. g4 h5 16. N3h2 g6 17. Qf3 d5 18. Bg5 Qb6 19. Ne3 Nh7 20. Bh4
dxe4 21. dxe4 g5 22. Nd5 Bxd5 23. exd5 Ndf6 24. Qf5 gxh4 {
Laurencena,A-Shocron,R Buenos Aires 1955 1/2-1/2 (41)}) (10. d4 Nbd7 $14) 10...
Bb7 11. Nc3 b4 (11... c5 12. a3 $11) 12. Nd5 $14 a5 (12... c5 $142 $5 $14) 13.
d4 $16 Nbd7 14. a3 c6 (14... Nxd5 15. exd5 bxa3 16. bxa3 $16) 15. Nxe7+ $18
Qxe7 16. Bg5 (16. Nh4 $5 g6 17. Bh6 $18) 16... c5 17. d5 h6 18. Bd2 Nb6 {
Black prepares a4} 19. Nh4 (19. Qe2 $16) 19... a4 $2 (19... Bc8 $5 20. axb4
axb4 21. Rxa8 Nxa8 $11) 20. Nf5 $16 Qc7 (20... Qd8 21. axb4 axb3 22. Rxa8 Nxa8
23. Nxh6+ Kh7 $16) 21. Qf3 $18 Bc8 $4 (21... Ne8 $142 22. axb4 axb3 23. Rxa8
Bxa8 24. Bxh6 f6 $18) 22. Nxh6+ (22. Nxg7 $142 Nh7 23. Nh5 $18) 22... Kh7 $2 (
22... Kh8 23. Bc2 (23. axb4 $143 axb3 24. Rxa8 Nxa8 $11) 23... Nh7 24. Nf5 Nxc4
25. Bc1 $16) 23. Bc2 $4 (23. Bd1 bxa3 24. bxa3 (24. Rxa3 Nxc4 25. Bg5 Nxa3 (
25... gxh6 $4 26. Qxf6 (26. Bxf6 $143 Nxa3 27. bxa3 Rg8 $17) 26... hxg5 27.
Qxg5 Nxa3 28. Re3 $18) 26. bxa3 gxh6 27. Bxf6 Rg8 $17) 24... Nxc4 25. Bg5 gxh6
26. Bxf6 $18 (26. Qxf6 $2 hxg5 27. Rc1 Nb2 28. Qxg5 f5 29. exf5 Qg7 30. Qh4+
Qh6 31. Qe7+ Kg8 $19)) 23... Nxc4 $14 24. Bc1 (24. Bg5 gxh6 25. Bxf6 b3 $11)
24... b3 $11 25. Bd3 Nb6 (25... Nxb2 $142 26. Bf1 c4 $11) 26. Bg5 $16 Ng8 $4 (
26... Ne8 $142 27. Ng4 f6 $16) 27. Nxg8 $18 Kxg8 28. Bf6 g6 (28... Nd7 29. Bxg7
Kxg7 30. Qg3+ Kf6 31. Qh4+ Kg6 $18) 29. Qg3 (29. Bb5 $142 Bd7 30. Qg3 $18)
29... Nd7 30. Be7 Re8 31. Qg5 $4 (31. Bh4 $142 Kg7 32. Bb5 $18) 31... Nf8 (
31... Kg7 32. Bb5 f6 33. Bxf6+ Nxf6 34. Bxe8 Nxe8 35. f4 $11) 32. Bf6 (32. Bxf8
$5 Rxf8 33. Qh6 $11) 32... Nh7 $15 33. Qh4 Nxf6 34. Qxf6 Qe7 35. Qf3 (35. Qxe7
Rxe7 36. f3 f5 $15) 35... Bd7 $17 36. Rac1 Kg7 37. Qg3 (37. Re3 Rh8 $17) 37...
Rab8 (37... Rh8 38. f4 exf4 39. Qxf4 $17) 38. Rc3 (38. Re3 $142 $5 $15) 38...
Rh8 $17 39. Be2 Qh4 (39... Rh4 40. Bf1 $17) 40. Qxh4 (40. Bg4 $5 Bxg4 41. Qxg4
Qxg4 42. hxg4 $17) 40... Rxh4 $19 41. f3 g5 42. Rd1 (42. Kf2 f5 43. Ke3 Rf8 $17
) 42... f5 $19 43. exf5 $2 (43. Re3 $142 $19) 43... Bxf5 44. Rc4 (44. Kf2 Bc2
45. Rd2 Rd4 $19) 44... Rxc4 45. Bxc4 Kf6 (45... Rf8 $142 46. Re1 Bg6 $19) 46.
Bd3 $4 (46. Kf2 $142 $17) 46... Bxd3 $19 47. Rxd3 c4 (47... e4 $142 48. Re3 Ke5
49. Kf2 Kxd5 50. fxe4+ Kd4 51. Rg3 $19) 48. Re3 $4 (48. Rc3 $142 Rc8 49. Kf2
$17) 48... Rc8 $19 49. Rc3 (49. Re4 c3 50. bxc3 Rxc3 $19) 49... e4 $1 50. fxe4
Ke5 51. Re3 (51. Kf2 Kxe4 52. Ke2 Kxd5 53. g4 $19) 51... c3 $1 (51... c3 52.
Re2 c2 53. Re1 c1=Q 54. Rxc1 Rxc1+ 55. Kh2 Rc2 56. Kg3 Rxb2 57. h4 gxh4+ 58.
Kf3 Rc2 59. g3 hxg3 60. Kxg3 b2 61. Kh4 b1=Q 62. Kg3 Qg1+ 63. Kf3 Qg2+ 64. Ke3
Qxe4#) 0-1

[Event "SCC Action"]
[Site "?"]
[Date "1991.04.26"]
[Round "1"]
[White "Bailey, B."]
[Black "Dickerson, J."]
[Result "1-0"]
[WhiteElo "1748"]
[BlackElo "1385"]
[Annotator "Stockfish 14 (15s)"]
[PlyCount "51"]

{B44: Sicilian: Taimanov: 5 Nb5} 1. e4 c5 2. Nf3 Nc6 3. d4 cxd4 4. Nxd4 d6 5.
c4 e6 6. Nc3 a6 7. Be3 Nf6 8. Be2 Be7 9. Qd2 $146 (9. a3 Bd7 10. b4 Rc8 11.
Nxc6 Bxc6 12. f3 O-O 13. O-O b6 14. Qb3 Bb7 15. a4 Qc7 16. Rfc1 Nd7 17. a5 bxa5
18. Rxa5 Ne5 19. Na2 Nc6 20. Ra4 Bf6 21. Rd1 e5 22. Nc3 Nd4 23. Bxd4 exd4 {
Kononenko,D (2451)-Martemianov,I (2254) Dnipropetrovsk 2005 1-0 (44)}) (9. f4
Qc7 (9... Bd7 10. Qd2 Qc7 11. O-O Rd8 12. Rac1 Nxd4 13. Qxd4 Bc6 14. Nd5 Qd7
15. Bf3 exd5 16. exd5 Ba4 17. b3 O-O 18. bxa4 Qxa4 19. g4 Nd7 20. g5 f5 21. Rf2
Nc5 22. Bd2 Rfe8 23. Bh5 Bf8 24. Bxe8 {
Hurdle,R (2235)-Duckworth,W (2300) Los Angeles 1991 0-1 (55)}) 10. Rc1 Bd7 11.
O-O Rc8 12. b3 O-O 13. g4 h6 14. h4 Nxd4 15. Bxd4 Bc6 16. Bd3 e5 17. Be3 exf4
18. Rxf4 Nd7 19. h5 Bg5 20. Rf3 Ne5 21. Bxg5 Nxf3+ 22. Qxf3 hxg5 23. Qf5 Qb6+ {
Oehlmann,D (2077)-Schmidt,N (1950) Bad Schandau 1995 0-1 (31)}) 9... Qc7 10.
O-O Ne5 11. Rac1 Nxc4 $4 (11... Neg4 $142 $16) 12. Bxc4 $18 Qxc4 13. Nd5 Qa4 (
13... exd5 14. Rxc4 dxc4 $18) 14. Nc7+ Kf8 15. Nxa8 Bd7 16. Nb6 Nxe4 17. Nxa4 (
17. Qe1 $142 Qc6 18. Nxc6 Bxc6 $18) 17... Nxd2 18. Bxd2 Bxa4 (18... Bd8 19. b3
a5 20. Rfd1 $18) 19. Rc8+ Be8 20. Rb8 (20. Rfc1 $142 Bf6 21. Nf3 g5 $18) 20...
f5 (20... Bf6 21. Nf3 $18) 21. Nxe6+ Kf7 22. Nc7 Bf6 23. Re1 Be7 24. Rxe8 Rxe8
25. Nxe8 Kxe8 26. Bg5 (26. Bg5 h6 27. Bxe7 $18) 1-0

[Event "SCC Action"]
[Site "?"]
[Date "1991.04.26"]
[Round "2"]
[White "Gehring, W."]
[Black "Bailey, B."]
[Result "0-1"]
[WhiteElo "1770"]
[BlackElo "1748"]
[Annotator "Stockfish 14 (15s)"]
[PlyCount "27"]

{C44: Ponziani Opening and Scotch Gambit} 1. e4 e5 2. Nf3 Nc6 3. d4 exd4 4. c3
dxc3 5. Nxc3 Nf6 6. Bc4 Be7 (6... a6 7. Ng5 Ne5 8. Bb3 h6 9. f4 hxg5 10. fxe5
Nh7 11. Bxf7+ Kxf7 12. Rf1+ Kg6 13. Qf3 Nf6 14. Qf5+ Kf7 15. exf6 Qxf6 16. Qd5+
{1-0 (16) Alexopoulos,G (2235)-Sietz,S Somerset 1985}) 7. e5 Ng4 8. Bf4 $4 $146
(8. Qd5 O-O (8... Rf8 9. h3 Nh6 10. Bxh6 gxh6 11. Qe4 Na5 12. Nd5 Bc5 13. Nf6+
Ke7 14. Nh4 d6 15. Be2 Be6 16. Rd1 Nc6 17. Nd5+ Kd7 18. exd6 cxd6 19. O-O Qg5
20. Nf3 Qg7 21. Bb5 Rae8 22. Qh4 Bxd5 23. Rxd5 {
Arndt,O-Weimer,E Germany 1995 1-0 (33)}) 9. h3 Nh6 10. Bxh6 gxh6 11. O-O (11.
O-O-O d6 12. Qe4 Kg7 13. Bd3 Rh8 14. exd6 Bxd6 15. Rhe1 Be6 16. g4 Qf6 17. Qe2
Rhe8 18. Ne4 Qf4+ 19. Qe3 Bxa2 20. Nh4 Qxe3+ 21. fxe3 Be6 22. Nxd6 cxd6 23. Ng2
Rac8 24. Kd2 Ne5 25. Bb5 Re7 {Mestani,T-Celebi,O Kusadasi 2004 0-1 (35)}) 11...
d6 12. exd6 Bxd6 13. Qh5 Qf6 14. Bd3 Ne5 15. Nxe5 Qxe5 16. Qxe5 Bxe5 17. Rfe1
f6 18. Bc4+ Kg7 19. Rad1 Bf5 20. g4 Bg6 21. Rd7+ Bf7 {
1/2-1/2 (21) Tsarouha,M-Kowalska,S Herceg Novi 2005}) (8. Qd5 $142 O-O 9. h3
$18) 8... d6 $11 9. exd6 Bxd6 10. Bxd6 cxd6 11. Qd2 (11. Qe2+ Nge5 12. Nxe5
dxe5 $11) 11... O-O (11... Qe7+ 12. Be2 Be6 13. O-O $17) 12. O-O $15 Nge5 13.
Nxe5 dxe5 (13... Nxe5 $6 14. Bd5 $11) 14. f4 0-1

[Event "SCC Action"]
[Site "?"]
[Date "1991.04.26"]
[Round "3"]
[White "Miller, R."]
[Black "Bailey, B."]
[Result "0-1"]
[WhiteElo "1738"]
[BlackElo "1748"]
[Annotator "Stockfish 14 (15s)"]
[PlyCount "62"]

{D20: Queen's Gambit Accepted: 3 e3 and 3 e4} 1. d4 d5 2. c4 dxc4 3. Nc3 Nf6 4.
e4 c5 5. Qa4+ Bd7 6. Qxc4 cxd4 7. Qxd4 Nc6 8. Qd2 $146 (8. Qd1 e5 9. Bg5 Be7
10. Nf3 Qa5 11. Be2 Nxe4 12. Bxe7 Nxe7 13. O-O Nxc3 14. bxc3 Qc7 15. Qb3 O-O
16. Rfe1 Be6 17. c4 f6 18. Rab1 Rab8 19. Nd2 Nc6 20. Qa4 Bf5 21. Rb2 Nd4 22.
Qxa7 Ra8 {Ramos Vega,J-Torres Luque,J Malaga 1996 0-1 (33)}) (8. Qd1 $5 $15)
8... e5 $17 9. Nf3 Bb4 10. Bd3 Bg4 11. a3 (11. Bb5 $5 Nxe4 $1 12. Qe3 Bxf3 13.
gxf3 Nxc3 14. bxc3 $17) 11... Bxc3 12. Qxc3 $2 (12. bxc3 $142 Bxf3 13. gxf3 $19
) 12... Bxf3 13. gxf3 Nd4 (13... O-O $142 14. Be3 Rc8 $19) 14. Bb5+ $4 (14. Be3
$142 O-O 15. Bxd4 $17) 14... Nd7 $19 15. Ba4 b5 (15... Rc8 $142 16. Qb4 b5 $19)
16. Bd1 O-O (16... Rc8 $142 17. Qe3 Nc5 18. O-O $19) 17. Be3 (17. Rg1 Ne6 18.
Be3 Qh4 $19) 17... Rc8 18. Qd2 Nb6 (18... Rc2 $1 19. Qxc2 Nxc2+ 20. Bxc2 $19)
19. b3 Qf6 20. Bxd4 exd4 21. Rc1 (21. Rg1 h6 22. Rg3 Rfe8 $19) 21... Rxc1 22.
Qxc1 Rc8 23. Qd2 Rc3 (23... h6 $5 24. Rg1 Nd7 25. f4 $19) 24. f4 $4 (24. Rg1 d3
25. Rg5 a6 $11) 24... Qd6 $4 (24... Nd7 $142 25. Rg1 Nc5 $19) 25. Rg1 $15 g6 (
25... Rh3 $142 26. f3 Rh5 $15 (26... Qxa3 $2 27. Qg2 Qa5+ 28. Kf1 $18)) 26. f5
$4 (26. Rg3 $142 Qc5 27. Kf1 $11) 26... Qxh2 $19 27. Qg5 (27. Kf1 Qh3+ 28. Ke1
Nd7 $19) 27... Qe5 (27... Nd7 28. Kf1 Kg7 29. fxg6 hxg6 30. Rg4 $19) 28. Qd8+
$2 (28. Kf1 Nd7 29. Qd8+ Nf8 30. Qd5 Qxd5 31. exd5 $19) 28... Kg7 29. fxg6 (29.
Qh4 Qf6 30. Qxf6+ Kxf6 31. fxg6 hxg6 32. Rg4 $19) 29... Qxe4+ 30. Kf1 hxg6 31.
Rxg6+ (31. Rg4 Qh1+ 32. Ke2 $19) 31... fxg6 (31... fxg6 32. Qg5 Nd5 33. f3 Qe6
34. Qh4 Qe5 35. Qe4 Ne3+ 36. Ke1 Qg3+ 37. Kd2 Nf1+ 38. Ke2 Qg2+ 39. Ke1 Re3+
40. Qxe3 dxe3 41. Be2 Ng3 42. Kd1 Nxe2 43. a4 Nc3+ 44. Kc1 Qd2#) 0-1